00605nam a2200169Ia 4500008004100000100001900041245006500060245006800125260003900193260000900232300001000241650001800251650001500269856005900284999001900343952007300362170221s9999 xx 000 0 und d aMegan L. Parin aEfficacy of Environmental Health E-Training for Journalists  cMegan L. Parin, Elissa Yancey, Caroline Beidler, Erin N. Haynes bStudies in Media and Communication c2014 a2 : 1 xCommunication xMedia Arts uhttp://redfame.com/journal/index.php/smc/issue/view/13 c307159d307159 001040aCLbCLd2017-02-21l0r2017-02-21 00:00:00w2017-02-21yFOJ